000 00825cam a2200241 4500
001 L129376
008 050414n2004 000 0 eng u
020 _a1860816940
035 _a(Sirsi) u129376
041 _aeng
050 _a693.5
_c18
100 _aCollins, R. J.
245 _aPorous aggregates in concrete
_bsandstones from NW England
260 _aWatford
_bBRE
_c2004
300 _a6p.
_c30cm.
350 _a12
490 _aBRE Information Paper
_v6/04
520 _aReports on tests on concrete made from a number of crushed rock sources at present little used in concrete.
690 _aBUILT ENVIRONMENT-BUILDING MATERIALS- CEMENTITIOUS, CONCRETE AND MINERAL BOUND MATERIALS
710 _aUnited Kingdom
_bDepartment of Trade and Industry
710 _aBuilding Research Establishment
942 _n0
999 _c104166
_d104166